Catálogo de las principales industrias de la provincia de Burgos : (Record no. 184964)

MARC details
000 -LEADER
campo de control de longitud fija 00687nam a2200169 i 4500
001 - NÚMERO DE CONTROL
campo de control 184964
003 - IDENTIFICADOR DE NÚMERO DE CONTROL
campo de control ES-MaACL
005 - FECHA Y HORA DE LA ÚLTIMA TRANSACCIÓN
campo de control 20250901204032.0
008 - DATOS DE LONGITUD FIJA--INFORMACIÓN GENERAL
campo de control de longitud fija 160229s1968 sp |||| | spa d
110 2# - ENTRADA PRINCIPAL--NOMBRE DE ENTIDAD CORPORATIVA
Nombre de entidad corporativa o nombre de jurisdicción como elemento de entrada Cámara Oficial de Comercio e Industria de Burgos
9 (RLIN) 2359
245 10 - MENCIÓN DEL TÍTULO
Título Catálogo de las principales industrias de la provincia de Burgos :
Resto del título comercio exterior. Exportadores. Direcciones de interés para el comercio con el extranjero.
260 ## - PUBLICACIÓN, DISTRIBUCIÓN, ETC.
Lugar de publicación, distribución, etc. Burgos :
Nombre del editor, distribuidor, etc. Camara Oficial de Comercio e Industria,
Fecha de publicación, distribución, etc. 1968.
300 ## - DESCRIPCIÓN FÍSICA
Extensión 117 p. ;
Dimensiones 21 cm.
650 #4 - PUNTO DE ACCESO ADICIONAL DE MATERIA--TÉRMINO DE MATERIA
Término de materia o nombre geográfico como elemento de entrada Exportación-
Subdivisión geográfica Burgos (Provincia)-
Subdivisión de forma Directorios.
9 (RLIN) 158891
852 ## - LOCALIZACIÓN
Ubicación ES-MaACL
Número de control de estantería C-48844
Holdings
Estatus retirado Estado de pérdida Estado de daño No para préstamo Biblioteca de origen Biblioteca actual Ubicación en estantería Fecha de adquisición Fuente de adquisición Total de préstamos Signatura topográfica completa Código de barras Visto por última vez Precio de reemplazo Tipo de ítem Koha
        Biblioteca del Ateneo de Madrid Biblioteca del Ateneo de Madrid Depósito 2 29/02/2016     C-48844 1194815 23/02/2023 23/02/2023 Libro impreso